000 00748nam a2200217 a 4500
001 000029209
005 20240409073642.0
008 110221t1961 dr ac 000 0beng d
040 _aDO-SdBNP
_bspa
_cBNPHU
041 0 7 _aeng
082 _aF-RD 24
245 0 1 _aTrujillo :
_bbenefactor of the catholic church.
260 _aCiudad Trujillo, República Dominicana :
_bDel Caribe,
_c1961.
300 _a24 p. :
_bil., retr. ;
_c23 cm.
546 _aInglés
600 1 0 _aTrujillo Molina, Rafael Leónidas,
_d 1891-1961
_976764
650 4 _aIglesia católica
_zRepública Dominicana
_xHistoria
_ySIGLO XX
_912043
650 4 _aIglesia y estado
_zRepública Dominicana
_xSiglo xx
_931455
910 _aValidado. Control de calidad EMS.
049 _aBNPD
999 _c28701
_d28701